000 00500nam a22001937a 4500
003 MPLRDC
005 20220104160128.0
008 210129b ||||| |||| 00| 0 eng d
020 _a957-452-108-7
082 _a177.2 TTT-4
100 _a藤田田
245 _a犹太人的赚钱绝招
_c
250 _a初版
260 _a台湾
_b新潮社文化事业有限公司
_c2001
300 _b
490 _a成功学DIY. 15
650 _a应用心理学--成功法
942 _cBK
_o177.2 TTT-4
999 _c54823
_d54813